[Event "VIII Floripa Chess Open 2022 - LIRA - m"]
[Site "Lira Tênis Clube - Florianó"]
[Date "2022.01.26"]
[Round "4.155"]
[White "Rodrigues, Natanael Isau"]
[Black "Rodrigues Mota, Sophia Lorena"]
[Result "1-0"]
[WhiteElo "1748"]
[BlackElo "1408"]
[PlyCount "97"]
[EventDate "2022.01.24"]
[EventRounds "10"]
[EventCountry "BRA"]

1. c4 c5 2. g3 Nf6 3. Bg2 d6 4. Nc3 Nbd7 5. e4 a6 6. Nge2 e6 7. O-O Be7 8. d3
O-O 9. h3 Qc7 10. Be3 h6 11. Qd2 Ne5 12. f4 Nc6 13. Rad1 b6 14. g4 Bb7 15. g5
hxg5 16. fxg5 Nd7 17. Qe1 Nde5 18. a3 Ng6 19. h4 Rad8 20. h5 Nge5 21. Qg3 Qd7
22. Bh3 Qc7 23. Nf4 Rfe8 24. g6 Bf6 25. h6 Nxg6 26. Nxg6 fxg6 27. Qxg6 Ne5 28.
Qg2 Kh8 29. Kh1 Qe7 30. hxg7+ Qxg7 31. Qxg7+ Bxg7 32. Bf4 Ng6 33. Bg5 Rb8 34.
Bg4 Bxc3 35. bxc3 Ne5 36. Bf6+ Kh7 37. Bxe5 dxe5 38. Rf7+ Kg8 39. Bh5 Rf8 40.
Rg1+ Kh8 41. Rgg7 Rxf7 42. Rxf7 Bc8 43. Kg2 Kg8 44. Rc7 Kf8 45. Kg3 Bb7 46. Kh4
Ba8 47. Kg5 Rd8 48. Kf6 Kg8 49. Bf7+ 1-0

[Event "VIII Floripa Chess Open 2022 - LIRA - m"]
[Site "Lira Tênis Clube - Florianó"]
[Date "2022.01.26"]
[Round "4.156"]
[White "Messias, Jose Vitor Lamosa P"]
[Black "Fernandini, Felipe Piacente"]
[Result "0-1"]
[WhiteElo "1742"]
[BlackElo "1385"]
[PlyCount "117"]
[EventDate "2022.01.24"]
[EventRounds "10"]
[EventCountry "BRA"]

1. d4 e6 2. Nf3 f5 3. c4 d5 4. Bf4 Nf6 5. Nc3 c6 6. e3 Bb4 7. a3 Bxc3+ 8. bxc3
Ne4 9. Qb3 Qa5 10. Qb4 Qxb4 11. cxb4 a5 12. Bxb8 Rxb8 13. Bd3 Ra8 14. O-O O-O
15. c5 Bd7 16. Bxe4 fxe4 17. Ne5 Be8 18. bxa5 Rxa5 19. Rfb1 Ra7 20. Rb3 h6 21.
Rab1 Kh7 22. g4 h5 23. h3 Kh6 24. Kg2 Kg5 25. Kg3 hxg4 26. hxg4 g6 27. Rh1 Kf6
28. Rh7 g5 29. Rhxb7 Ra4 30. R7b6 Rh8 31. Kg2 Rh4 32. Rb8 Bg6 33. R3b7 Ra8 34.
Rxa8 Be8 35. Rxe8 Rh2+ 36. Kf1 Rxf2+ 37. Ke1 Re2+ 38. Kd1 Rd2+ 39. Kc1 Rc2+ 40.
Kb1 Rc1+ 41. Ka2 Ra1+ 42. Kb2 Ra2+ 43. Kc3 Rc2+ 44. Kb4 Rb2+ 45. Ka5 Rxb7 46.
Rf8+ Kg7 47. Re8 Rb3 48. Nxc6 Rxa3+ 49. Kb6 Rxe3 50. Ne5 Rb3+ 51. Kc7 Rb2 52.
Rb8 Rd2 53. Kd7 e3 54. c6 e2 55. Nf3 Rxd4 56. c7 Rc4 57. c8=Q Rxc8 58. Rxc8 d4
59. Kxe6 0-1

[Event "VIII Floripa Chess Open 2022 - LIRA - m"]
[Site "Lira Tênis Clube - Florianó"]
[Date "2022.01.26"]
[Round "4.157"]
[White "Elesbao, Bernardo Dartora"]
[Black "Machado, Luiz Fernando"]
[Result "1-0"]
[WhiteElo "1385"]
[BlackElo "1740"]
[PlyCount "50"]
[EventDate "2022.01.24"]
[EventRounds "10"]
[EventCountry "BRA"]

1. e4 c5 2. c4 Nc6 3. Nc3 Nf6 4. g3 e6 5. Bg2 Rb8 6. d3 d6 7. Nge2 Be7 8. O-O
O-O 9. Be3 d5 10. f4 a6 11. a4 Bd7 12. h3 Nb4 13. f5 b5 14. axb5 axb5 15. b3
bxc4 16. bxc4 Bc6 17. g4 Nd7 18. Qd2 h6 19. Kh1 Bg5 20. Bxg5 Qxg5 21. Qxg5 hxg5
22. Rfd1 Ra8 23. Rxa8 Rxa8 24. Bf1 Nb6 25. Nb5 Bxb5 {illegivel} 1-0

[Event "VIII Floripa Chess Open 2022 - LIRA - m"]
[Site "Lira Tênis Clube - Florianó"]
[Date "2022.01.26"]
[Round "4.158"]
[White "Da Costa, Mariana Nara Santan"]
[Black "Ferreira, Jose Carlos"]
[Result "1/2-1/2"]
[WhiteElo "1351"]
[BlackElo "1736"]
[PlyCount "111"]
[EventDate "2022.01.24"]
[EventRounds "10"]
[EventCountry "BRA"]

1. d4 d5 2. c4 e6 3. Nc3 Nf6 4. Nf3 Be7 5. Bf4 c6 6. e3 O-O 7. Be2 Nbd7 8. O-O
dxc4 9. Bxc4 h6 10. Rc1 Re8 11. a3 Nd5 12. Nxd5 exd5 13. Bd3 Nf6 14. b4 a5 15.
Qb3 axb4 16. axb4 Bd6 17. Bxd6 Qxd6 18. b5 Ra3 19. Qc2 Bd7 20. bxc6 Bxc6 21.
Ne5 Nd7 22. Nxc6 bxc6 23. Bf5 Nb8 24. h3 g6 25. Bg4 h5 26. Bf3 Kg7 27. Qc5 Qxc5
28. Rxc5 Re7 29. Rb1 Ra8 30. Rc2 Rea7 31. Rcb2 Nd7 32. Rb7 Nf6 33. Rxa7 Rxa7
34. Rc1 Ra6 35. Kh2 Ng8 36. Be2 Rb6 37. Bd3 Ne7 38. Rb1 Rxb1 39. Bxb1 Kf6 40.
Kg3 Ke6 41. Kf4 f6 42. Bd3 Kd6 43. Kf3 c5 44. dxc5+ Kxc5 45. Kf4 g5+ 46. Kg3 d4
47. exd4+ Kxd4 48. Bb5 Nf5+ 49. Kh2 Nd6 50. Be2 h4 51. Bh5 Ke4 52. Be2 Kd4 53.
Ba6 Ne4 54. Kg1 f5 55. Bc8 f4 56. Kf1 1/2-1/2

[Event "VIII Floripa Chess Open 2022 - LIRA - m"]
[Site "Lira Tênis Clube - Florianó"]
[Date "2022.01.26"]
[Round "4.159"]
[White "Tsuchie, Davi Pinheiro"]
[Black "Cezar, Ricardo De Almeida"]
[Result "0-1"]
[WhiteElo "1346"]
[BlackElo "1735"]
[PlyCount "86"]
[EventDate "2022.01.24"]
[EventRounds "10"]
[EventCountry "BRA"]

1. Nf3 d5 2. d4 Nf6 3. c4 e6 4. Bg5 c6 5. cxd5 exd5 6. Nc3 Be7 7. e3 Bg4 8. Be2
Qb6 9. Qb3 Nbd7 10. Na4 Qxb3 11. axb3 Bb4+ 12. Nc3 Ne4 13. Ra4 Bxc3+ 14. bxc3
Bxf3 15. gxf3 Nxg5 16. Rg1 Ne6 17. f4 Rg8 18. Rb4 b5 19. c4 a5 20. cxd5 axb4
21. dxe6 Ra1+ 22. Bd1 fxe6 23. Kd2 Nf6 24. Bh5+ Nxh5 25. Rxa1 Nf6 26. Ra8+ Kf7
27. Ra7+ Kg6 28. Rc7 Rd8 29. Rxc6 Rd6 30. Rc7 Ra6 31. Rc2 Ne4+ 32. Ke2 Nc3+ 33.
Kf3 Ra2 34. Rxa2 Nxa2 35. e4 Nc1 36. f5+ exf5 37. e5 Nxb3 38. d5 Nd4+ 39. Ke3
b3 40. Kxd4 b2 41. d6 b1=Q 42. e6 Qb4+ 43. Ke5 Qc5+ 0-1

[Event "VIII Floripa Chess Open 2022 - LIRA - m"]
[Site "Lira Tênis Clube - Florianó"]
[Date "2022.01.26"]
[Round "4.160"]
[White "Calcada, Henrique Galvan"]
[Black "De Albuquerque, Pedro Henrique Corr"]
[Result "0-1"]
[WhiteElo "1324"]
[BlackElo "1735"]
[PlyCount "103"]
[EventDate "2022.01.24"]
[EventRounds "10"]
[EventCountry "BRA"]

1. Nf3 Nf6 2. c4 g6 3. d4 Bg7 4. Bf4 O-O 5. e3 d6 6. Nc3 Nbd7 7. Be2 c5 8. h3
a6 9. O-O b6 10. Rc1 Bb7 11. Re1 Ne4 12. Nxe4 Bxe4 13. Nd2 Bb7 14. Bf3 Bxf3 15.
Nxf3 b5 16. b3 Qb6 17. d5 a5 18. Qe2 a4 19. Rb1 Rfb8 20. cxb5 axb3 21. Rxb3 Ra5
22. Reb1 Qa7 23. Nd2 Rxa2 24. Qd3 c4 25. Nxc4 Nc5 26. Qd1 Nxb3 27. Qxb3 Qa4 28.
e4 Qxb3 29. Rxb3 Rc2 30. Na5 Rb2 31. Rxb2 Bxb2 32. Nc6 Rb7 33. Be3 Ba3 34. Ba7
Bc5 35. b6 Kf8 36. Na5 Rd7 37. Nb3 Bxb6 38. Bxb6 Rb7 39. Be3 Rxb3 40. Bh6+ Ke8
41. f3 e6 42. dxe6 fxe6 43. Kf2 d5 44. exd5 exd5 45. Bg7 Kd7 46. g4 Ke6 47. h4
h5 48. Kg3 d4 49. gxh5 d3 50. Bh6 Rb2 51. Bc1 d2 52. Bxb2 0-1

[Event "VIII Floripa Chess Open 2022 - LIRA - m"]
[Site "Lira Tênis Clube - Florianó"]
[Date "2022.01.26"]
[Round "4.161"]
[White "Cabral, Vivian De Paiva"]
[Black "Flores, Clarice Soares Leit"]
[Result "1-0"]
[WhiteElo "1295"]
[BlackElo "1733"]
[PlyCount "69"]
[EventDate "2022.01.24"]
[EventRounds "10"]
[EventCountry "BRA"]

1. e4 c5 2. Nf3 g6 3. c3 Bg7 4. d4 cxd4 5. cxd4 d5 6. e5 Nc6 7. Bb5 Bg4 8. Nbd2
Qa5 9. Bxc6+ bxc6 10. O-O Nh6 11. h3 Bxf3 12. Nxf3 O-O 13. Re1 e6 14. Bd2 Qb6
15. b3 c5 16. Qc1 Nf5 17. dxc5 Qc6 18. b4 Rfc8 19. Bf4 a5 20. a3 axb4 21. axb4
Rxa1 22. Qxa1 Qb7 23. Rb1 Ne7 24. Qb2 h6 25. h4 Bf8 26. Qc3 Nf5 27. Rb2 Kh7 28.
Bd2 Be7 29. g3 Qa6 30. Rb3 Qe2 31. Rb1 d4 32. Qb3 d3 33. Qd1 Qe4 34. Bc3 Qg4
35. Ng5+ 1-0

[Event "VIII Floripa Chess Open 2022 - LIRA - m"]
[Site "Lira Tênis Clube - Florianó"]
[Date "2022.01.26"]
[Round "4.162"]
[White "Fugimoto, Rafael Aoki"]
[Black "Orlandi Neto, Aristides"]
[Result "1/2-1/2"]
[WhiteElo "1285"]
[BlackElo "1731"]
[PlyCount "62"]
[EventDate "2022.01.24"]
[EventRounds "10"]
[EventCountry "BRA"]

1. d4 Nf6 2. Bf4 e6 3. e3 c5 4. c3 d5 5. Nf3 Qb6 6. Qb3 c4 7. Qc2 Nc6 8. Nbd2
Nh5 9. Bg3 Nxg3 10. hxg3 g6 11. Be2 Be7 12. a3 a5 13. Ne5 Nxe5 14. dxe5 Bd7 15.
Nf3 Qc7 16. Qd2 b5 17. O-O h5 18. Qd4 Qd8 19. e4 h4 20. g4 h3 21. g3 Bc6 22.
exd5 Bxd5 23. Kh2 Rc8 24. Rfd1 Qc7 25. Rg1 Bc5 26. Qf4 Bxf3 27. Qxf3 Qxe5 28.
Rge1 Qc7 29. Qf6 Rg8 30. Rf1 Be7 31. Qf3 Rh8 {illegivel} 1/2-1/2

[Event "VIII Floripa Chess Open 2022 - LIRA - m"]
[Site "Lira Tênis Clube - Florianó"]
[Date "2022.01.26"]
[Round "4.164"]
[White "Cabral, Mauricio Balluta"]
[Black "Sato, Leticia Miho"]
[Result "0-1"]
[WhiteElo "1228"]
[BlackElo "1729"]
[PlyCount "134"]
[EventDate "2022.01.24"]
[EventRounds "10"]
[EventCountry "BRA"]

1. d4 d5 2. Nf3 Nf6 3. Bf4 e6 4. e3 c5 5. c3 Nc6 6. Nbd2 Be7 7. Be2 Nh5 8. Bg3
Nxg3 9. hxg3 Qb6 10. Qc2 Bd7 11. dxc5 Bxc5 12. Rxh7 Rg8 13. O-O-O O-O-O 14. Nd4
Kb8 15. Qb3 Qa5 16. Bb5 Nxd4 17. cxd4 Bxb5 18. dxc5 Rc8 19. Qc3 Qxa2 20. b4 a5
21. bxa5 Rc6 22. Nb3 Rgc8 23. Rd2 Qa3+ 24. Qb2 Qa4 25. Qa2 Qb4 26. Rh4 Bc4 27.
f3 Qxb3 28. Qxb3 Bxb3 29. Rb4 Bc4 30. Rdb2 R8c7 31. e4 Rxc5 32. exd5 Bxd5+ 33.
Kd2 Rxa5 34. g4 Ra2 35. Rxa2 Bxa2 36. Ke3 Rc2 37. g3 Bd5 38. Rf4 Rc3+ 39. Kd2
Rc7 40. Kd3 b5 41. Rb4 Bc4+ 42. Ke4 Kb7 43. f4 Kb6 44. Ke5 Kc5 45. Rb2 b4 46.
g5 b3 47. g4 Kb4 48. f5 exf5 49. gxf5 Kc3 50. Rb1 b2 51. f6 gxf6+ 52. Kxf6 Kc2
53. Rxb2+ Kxb2 54. g6 fxg6 55. Kxg6 Rc5 56. Kf6 Rd5 57. Ke6 Kc3 58. Ke7 Kb4 59.
Ke6 Kc5 60. Ke7 Rd6 61. Ke8 Kc6 62. Ke7 Re6+ 63. Kf7 Kd6 64. Kg7 Ke7 65. Kg8
Kf6 66. Kf8 Kg6 67. Kg8 Re8# 0-1

[Event "VIII Floripa Chess Open 2022 - LIRA - m"]
[Site "Lira Tênis Clube - Florianó"]
[Date "2022.01.26"]
[Round "4.165"]
[White "Felix, Luiza De Oliveira"]
[Black "Monteiro, Helen Ramazzotte"]
[Result "1-0"]
[WhiteElo "1708"]
[BlackElo "1349"]
[PlyCount "75"]
[EventDate "2022.01.24"]
[EventRounds "10"]
[EventCountry "BRA"]

1. e4 e6 2. d3 d5 3. Nd2 c5 4. g3 Nc6 5. Bg2 Nf6 6. Ngf3 Bd6 7. O-O O-O 8. Re1
Qc7 9. Qe2 Be7 10. e5 Nd7 11. Nf1 b6 12. Bf4 Bb7 13. h4 a6 14. N1h2 b5 15. h5
h6 16. g4 Qd8 17. Qd2 d4 18. Bxh6 gxh6 19. Qxh6 Ncxe5 20. g5 Bxf3 21. g6 Nf6
22. Rxe5 fxg6 23. Bxf3 Ra7 24. Rg5 Bd6 25. Rxg6+ Kf7 26. Qg7+ Ke8 27. Qxa7
Bxh2+ 28. Kxh2 Qd6+ 29. Kg1 Rf7 30. Qa8+ Kd7 31. Qb7+ Ke8 32. Bc6+ Kf8 33. Qc8+
Ke7 34. h6 Qf4 35. Re1 Qd6 36. Rxe6+ Qxe6 37. Qc7+ Kf8 38. Qd8+ 1-0

[Event "VIII Floripa Chess Open 2022 - LIRA - m"]
[Site "Lira Tênis Clube - Florianó"]
[Date "2022.01.26"]
[Round "4.166"]
[White "Pereira Junior, Ignacio Marrero"]
[Black "Cardoso, Lucas Emanuel Alves"]
[Result "1/2-1/2"]
[WhiteElo "1707"]
[BlackElo "1341"]
[PlyCount "132"]
[EventDate "2022.01.24"]
[EventRounds "10"]
[EventCountry "BRA"]

1. e4 c5 2. Nf3 d6 3. d4 cxd4 4. Nxd4 Nf6 5. Nc3 a6 6. a4 e5 7. Nb3 Be7 8. Be2
O-O 9. O-O Be6 10. Bg5 Nbd7 11. Qd2 Qc7 12. Kh1 Rac8 13. f4 exf4 14. Bxf4 Ne5
15. Nd4 Bd7 16. Bg5 Qd8 17. Nf5 Bxf5 18. Rxf5 Ng6 19. Rd1 Rxc3 20. Bxf6 Rc8 21.
Bxe7 Qxe7 22. Bd3 Ne5 23. Be2 Rc6 24. b3 Rfc8 25. c4 g6 26. Rff1 Re8 27. h3
Rcc8 28. Qxd6 Qh4 29. Qd4 Rcd8 30. Qe3 Rxd1 31. Rxd1 Nc6 32. Bf3 f5 33. Re1 Ne5
34. exf5 Re7 35. Bd5+ Kf8 36. Rf1 Qf6 37. Qf4 g5 38. Qg3 h5 39. h4 g4 40. Kg1
Qb6+ 41. Qf2 Qf6 42. Be6 g3 43. Qxg3 Ng4 44. Rd1 Kg7 45. Rc1 Kh7 46. Rd1 Kg7
47. Qe1 Kh7 48. g3 Qb2 49. Qd2 Qxb3 50. Qd3 Qb6+ 51. Qd4 Qb3 52. Rd3 Qc2 53.
Rd2 Qxa4 54. Qd8 Rg7 55. f6 Qa1+ 56. Rd1 Qxf6 57. Qxf6 Nxf6 58. Kg2 b5 59. c5
Rc7 60. Rc1 Kg7 61. Kf3 a5 62. Kf4 Kf8 63. Ke5 Ke7 64. c6 a4 65. Rf1 Rxc6 66.
Bf5 b4 {illegivel} 1/2-1/2

[Event "VIII Floripa Chess Open 2022 - LIRA - m"]
[Site "Lira Tênis Clube - Florianó"]
[Date "2022.01.26"]
[Round "4.167"]
[White "Da Silva, Esequiel Luis Melo"]
[Black "Bernardo, Henrique Carvalho"]
[Result "1-0"]
[WhiteElo "1704"]
[BlackElo "1325"]
[PlyCount "65"]
[EventDate "2022.01.24"]
[EventRounds "10"]
[EventCountry "BRA"]

1. d4 Nf6 2. Nf3 g6 3. e3 Bg7 4. Bd3 d5 5. O-O O-O 6. Nbd2 Nbd7 7. Qe2 b6 8. e4
dxe4 9. Nxe4 Bb7 10. Ng3 c5 11. dxc5 Nxc5 12. Bc4 Qc7 13. c3 Rad8 14. Re1 e6
15. Be3 Nfe4 16. Nxe4 Nxe4 17. Nd4 Nd6 18. Bb3 e5 19. Nf3 Nf5 20. Bg5 Rde8 21.
Ba4 Bc6 22. Bc2 e4 23. Nh4 Nxh4 24. Bxh4 Qb7 25. Rad1 Re6 26. Bb3 Re5 27. Bg3
Re7 28. Bd6 Rfe8 29. Bxe7 Rxe7 30. Rd8+ Bf8 31. Qc4 Qc7 32. Qd4 Bd7 33. Rxf8+
1-0

[Event "VIII Floripa Chess Open 2022 - LIRA - m"]
[Site "Lira Tênis Clube - Florianó"]
[Date "2022.01.26"]
[Round "4.168"]
[White "Bittencourt, Alica E Decezare"]
[Black "Castro, Leonardo Nascimento"]
[Result "0-1"]
[WhiteElo "1254"]
[BlackElo "1703"]
[PlyCount "91"]
[EventDate "2022.01.24"]
[EventRounds "10"]
[EventCountry "BRA"]

1. e4 c5 2. Nf3 e6 3. c3 Nf6 4. d3 Nc6 5. Be3 Ng4 6. Bg5 f6 7. Bh4 Be7 8. Be2
O-O 9. O-O b6 10. h3 Nh6 11. Nbd2 Bb7 12. Nc4 b5 13. Ne3 Kh8 14. Nh2 a5 15. f4
f5 16. Bxe7 Nxe7 17. e5 d5 18. d4 cxd4 19. cxd4 Qb6 20. Rc1 Nc6 21. Nf3 Rac8
22. Qd3 Ba6 23. a3 Ng8 24. Rc2 Nge7 25. Rfc1 h6 26. h4 g6 27. Nf1 Rc7 28. N1d2
a4 29. b3 Qa5 30. b4 Qb6 31. Nb1 Rfc8 32. Rc5 Na7 33. Kh2 Kg7 34. Rh1 Nac6 35.
Nc3 Nb8 36. h5 Rc6 37. hxg6 Nd7 38. Rxc6 Rxc6 39. Rc1 Qc7 40. Nd2 Nb6 41. Ndb1
Nc4 42. Rc2 Nc8 43. Bh5 Ne7 44. Qg3 Ng8 45. Kg1 Qb6 46. Ne2 {illegivel} 0-1

[Event "VIII Floripa Chess Open 2022 - LIRA - m"]
[Site "Lira Tênis Clube - Florianó"]
[Date "2022.01.26"]
[Round "4.169"]
[White "Da Silva Junior, Marco Aurelio"]
[Black "Senger, Maria Clara Da Silv"]
[Result "1-0"]
[WhiteElo "1690"]
[BlackElo "1318"]
[PlyCount "133"]
[EventDate "2022.01.24"]
[EventRounds "10"]
[EventCountry "BRA"]

1. Nf3 d5 2. g3 Nf6 3. Bg2 e6 4. O-O Be7 5. b3 O-O 6. Bb2 c5 7. d4 b6 8. c4 Bb7
9. Ne5 Nc6 10. e3 Rc8 11. Nc3 a6 12. Nxc6 Bxc6 13. dxc5 bxc5 14. Qe2 Qb6 15.
Rfd1 Rfd8 16. Rd2 Qb7 17. Rad1 Rc7 18. e4 d4 19. f3 Rcd7 20. Nb1 Ne8 21. Na3
Nc7 22. Nc2 a5 23. Ne1 Na6 24. Nd3 f6 25. Bh3 Rd6 26. Ba3 Qa7 27. f4 Bd7 28. e5
Rb6 29. exf6 gxf6 30. Re1 Nb4 31. Bxb4 axb4 32. Qg4+ Kf7 33. Qh5+ Kg7 34. Nxc5
Bxc5 35. Qxc5 Bc8 36. Rxd4 Rxd4 37. Qxd4 Qa6 38. Qc5 Rd6 39. Qxb4 Bb7 40. c5
Qc6 41. Qxb7+ Qxb7 42. cxd6 Qb6+ 43. Kf1 Qxd6 44. Bxe6 Qd3+ 45. Kf2 Qc2+ 46.
Re2 Qc5+ 47. Kg2 Qc6+ 48. Kh3 Qf3 49. Bc4 f5 50. a4 Qf1+ 51. Kh4 Qd1 52. Kg5
Qd7 53. Be6 Qe7+ 54. Kxf5 Qf6+ 55. Kg4 h5+ 56. Kxh5 Qg6+ 57. Kh4 Kh6 58. g4 Qd3
59. Bc4 Qf3 60. f5 Qf4 61. Re6+ Kg7 62. h3 Qf2+ 63. Kh5 Qg2 64. h4 Qd2 65. Rg6+
Kf8 66. f6 Qa5+ 67. Rg5 1-0

[Event "VIII Floripa Chess Open 2022 - LIRA - m"]
[Site "Lira Tênis Clube - Florianó"]
[Date "2022.01.26"]
[Round "4.170"]
[White "Ferreira, Carlos Eduardo"]
[Black "Barberi, Catarina"]
[Result "1-0"]
[WhiteElo "1686"]
[BlackElo "1318"]
[PlyCount "101"]
[EventDate "2022.01.24"]
[EventRounds "10"]
[EventCountry "BRA"]

1. e4 c5 2. Nf3 e6 3. d4 cxd4 4. Nxd4 Nf6 5. Nc3 Nc6 6. Bg5 Bb4 7. Ndb5 a6 8.
Nd6+ Ke7 9. Nxc8+ Rxc8 10. f4 h6 11. Bh4 d6 12. Qd2 Kf8 13. Bxf6 Qxf6 14. O-O-O
Rd8 15. Qe3 Bc5 16. Qd2 Bb4 17. Bc4 b5 18. Bb3 Bxc3 19. bxc3 b4 20. Ba4 Na5 21.
e5 bxc3 22. Qd4 Qe7 23. Qb4 Qb7 24. Qxc3 Qb6 25. Rxd6 Rxd6 26. exd6 Qxd6 27.
Qxa5 Qxf4+ 28. Kb1 Ke7 29. Qc5+ Kf6 30. Qc3+ Ke7 31. Bb3 Rb8 32. Qc5+ Kf6 33.
Qa7 g6 34. Qxa6 Kg7 35. Qe2 Qc7 36. g3 Qb7 37. Rf1 Qa7 38. Qe5+ Kg8 39. Ka1 Re8
40. a4 Qa6 41. Qb5 Qc8 42. Rd1 Rf8 43. a5 Qc3+ 44. Kb1 Ra8 45. a6 Qf3 46. Rf1
Qe3 47. Qb7 Ra7 48. Qb5 Ra8 49. Rd1 Qa7 50. Rd7 Qg1+ 51. Kb2 1-0

[Event "VIII Floripa Chess Open 2022 - LIRA - m"]
[Site "Lira Tênis Clube - Florianó"]
[Date "2022.01.26"]
[Round "4.171"]
[White "Deretti, Lucas Jurk"]
[Black "Pironti, Francisco Ferrari"]
[Result "0-1"]
[WhiteElo "1160"]
[BlackElo "1665"]
[PlyCount "109"]
[EventDate "2022.01.24"]
[EventRounds "10"]
[EventCountry "BRA"]

1. d4 d5 2. Bf4 c5 3. c3 Nc6 4. e3 Bf5 5. Nd2 e6 6. Ngf3 Qb6 7. Qb3 c4 8. Qxb6
axb6 9. Ne5 Nxe5 10. Bxe5 f6 11. Bg3 b5 12. f3 b4 13. e4 Bg6 14. Be2 Ne7 15.
Bd6 Nc6 16. Bxf8 Rxf8 17. O-O Kd7 18. Rfc1 Ra5 19. cxb4 Nxb4 20. a3 Nc6 21.
Bxc4 dxc4 22. Nxc4 Ra6 23. Rd1 Ke7 24. Ne3 Rd8 25. d5 exd5 26. exd5 Ne5 27. f4
Nd7 28. Rac1 Nb6 29. Rc7+ Rd7 30. f5 Bf7 31. d6+ Kd8 32. Rdc1 Bb3 33. Nf1 Ba4
34. Rxd7+ Nxd7 35. Rc7 Bc6 36. Ne3 Ra4 37. Nc2 Rf4 38. g3 Rxf5 39. Nd4 Re5 40.
Nxc6+ bxc6 41. Rxc6 Rc5 42. Rxc5 Nxc5 43. Kf1 Kd7 44. Ke2 Kxd6 45. b4 Na4 46.
h3 Kd5 47. Kd3 g6 48. g4 f5 49. g5 f4 50. h4 Ke5 51. Ke2 Ke4 52. Kf2 f3 53. Kf1
Ke3 54. Ke1 f2+ 55. Kf1 0-1

[Event "VIII Floripa Chess Open 2022 - LIRA - m"]
[Site "Lira Tênis Clube - Florianó"]
[Date "2022.01.26"]
[Round "4.172"]
[White "Tsuchie, Pedro Pinheiro"]
[Black "De Brito, Gabrielly Rodrigues"]
[Result "1/2-1/2"]
[WhiteElo "1660"]
[BlackElo "1302"]
[PlyCount "98"]
[EventDate "2022.01.24"]
[EventRounds "10"]
[EventCountry "BRA"]

1. e4 e5 2. Nf3 Nc6 3. Bb5 a6 4. Ba4 Nf6 5. d3 b5 6. Bb3 Be7 7. O-O d6 8. c3
O-O 9. Re1 Na5 10. Bc2 c5 11. Nbd2 Be6 12. Nf1 Re8 13. Ne3 g6 14. d4 exd4 15.
cxd4 Bf8 16. Bd2 Nc4 17. Nxc4 Bxc4 18. b3 Be6 19. d5 Bc8 20. Bc3 Bg7 21. Qd3
Bb7 22. Nd2 Rc8 23. a4 Qd7 24. axb5 axb5 25. Ra5 b4 26. Bxf6 Bxf6 27. Nc4 Qc7
28. g3 Ra8 29. Rxa8 Rxa8 30. Qf3 Bg7 31. Qf4 Rd8 32. h4 h5 33. Qg5 Ba6 34. Bd3
Bxc4 35. Bxc4 Re8 36. Kg2 Qe7 37. Qxe7 Rxe7 38. f4 Bc3 39. Re2 Kf8 40. Kf3 Bd4
41. Ra2 Kg7 42. Ra6 Rd7 43. Bb5 Rd8 44. Rc6 Bc3 45. Bc4 Bd4 46. Rc7 Bc3 47. Ra7
Bd4 48. Re7 Kf8 49. Ra7 Kg7 1/2-1/2

[Event "VIII Floripa Chess Open 2022 - LIRA - m"]
[Site "Lira Tênis Clube - Florianó"]
[Date "2022.01.26"]
[Round "4.173"]
[White "Kannenberg, Brayan Kelvin Greth"]
[Black "Lopes, Leonardo Borges"]
[Result "0-1"]
[WhiteElo "1111"]
[BlackElo "1653"]
[PlyCount "46"]
[EventDate "2022.01.24"]
[EventRounds "10"]
[EventCountry "BRA"]

1. e4 c5 2. Nf3 d6 3. d4 cxd4 4. Nxd4 Nf6 5. Nc3 a6 6. Be3 e5 7. Nb3 Be6 8. f3
Nbd7 9. Qd2 b5 10. g4 Nb6 11. g5 Nfd7 12. h4 Be7 13. O-O-O Nc4 14. Qf2 Nxe3 15.
Qxe3 Rc8 16. Kb1 Qc7 17. Bd3 Nb6 18. Qf2 Nc4 19. f4 Nxb2 20. Kxb2 Qxc3+ 21. Kb1
Bc4 22. Bxc4 bxc4 23. Nd2 Rb8+ 0-1

[Event "VIII Floripa Chess Open 2022 - LIRA - m"]
[Site "Lira Tênis Clube - Florianó"]
[Date "2022.01.26"]
[Round "4.174"]
[White "Spieker, Otavio Schmidt"]
[Black "Mariot Vaz, Joao Antonio Bertol"]
[Result "1-0"]
[WhiteElo "1079"]
[BlackElo "1645"]
[PlyCount "45"]
[EventDate "2022.01.24"]
[EventRounds "10"]
[EventCountry "BRA"]

1. e4 e5 2. Nf3 Nc6 3. Nc3 Nf6 4. d4 exd4 5. Nxd4 Bb4 6. Nxc6 bxc6 7. Bd3 d5 8.
Bd2 O-O 9. a3 Bc5 10. O-O Re8 11. exd5 cxd5 12. Bg5 c6 13. Re1 Be6 14. h3 a5
15. Qf3 Rb8 16. Rab1 h6 17. Bh4 Be7 18. Bf5 Bxf5 19. Qxf5 d4 20. Bxf6 Bxf6 21.
Rxe8+ Qxe8 22. Ne4 Be7 23. Qxa5 {illegivel} 1-0

[Event "VIII Floripa Chess Open 2022 - LIRA - m"]
[Site "Lira Tênis Clube - Florianó"]
[Date "2022.01.26"]
[Round "4.175"]
[White "De Oliveira Filho, Fernando F"]
[Black "Nones, Vinicius Gabriel"]
[Result "1-0"]
[WhiteElo "1642"]
[BlackElo "1258"]
[PlyCount "61"]
[EventDate "2022.01.24"]
[EventRounds "10"]
[EventCountry "BRA"]

1. d4 e6 2. e4 d5 3. exd5 exd5 4. Bd3 Nf6 5. Bg5 Be7 6. Nc3 c6 7. Nge2 Be6 8.
Qd2 Nbd7 9. f3 Qc7 10. Bf4 Bd6 11. g4 O-O-O 12. O-O-O Rde8 13. h4 Nb6 14. h5 h6
15. Rhe1 Nfd7 16. Bxd6 Qxd6 17. Qf4 Qxf4+ 18. Nxf4 Re7 19. Re2 Rhe8 20. Rde1
Nf8 21. Nd1 Kc7 22. b3 Kd6 23. Kd2 Bd7 24. Ne3 a6 25. c4 dxc4 26. bxc4 c5 27.
d5 Nc8 28. Bf5 Kc7 29. Bxd7 Nxd7 30. d6+ Nxd6 31. Ned5+ 1-0

[Event "VIII Floripa Chess Open 2022 - LIRA - m"]
[Site "Lira Tênis Clube - Florianó"]
[Date "2022.01.26"]
[Round "4.176"]
[White "De Albuquelque, Gabriel Tenorio"]
[Black "Cuco, Gustavo Henrique"]
[Result "1-0"]
[WhiteElo "1634"]
[BlackElo "1251"]
[PlyCount "53"]
[EventDate "2022.01.24"]
[EventRounds "10"]
[EventCountry "BRA"]

1. d4 f5 2. Bf4 Nf6 3. Nf3 e6 4. e3 d5 5. Nbd2 c6 6. Ne5 Bd6 7. Ndf3 O-O 8. h3
Ne4 9. Be2 Qe8 10. O-O b6 11. c4 Ba6 12. cxd5 Bxe2 13. Qxe2 exd5 14. Rfd1 Qh5
15. Nd3 g5 16. Bxd6 Nxd6 17. Re1 Nd7 18. Nb4 c5 19. Nxd5 cxd4 20. Nxd4 Qxe2 21.
Rxe2 Rac8 22. Ne7+ Kf7 23. Nxc8 Rxc8 24. Rc2 Rxc2 25. Nxc2 Ne4 26. Rd1 Ke6 27.
Nd4+ 1-0

[Event "VIII Floripa Chess Open 2022 - LIRA - m"]
[Site "Lira Tênis Clube - Florianó"]
[Date "2022.01.26"]
[Round "4.177"]
[White "Carvalho, Kayle Fabricio Amor"]
[Black "Gomes, Maria Eduarda Papin"]
[Result "0-1"]
[WhiteElo "1768"]
[BlackElo "1627"]
[PlyCount "61"]
[EventDate "2022.01.24"]
[EventRounds "10"]
[EventCountry "BRA"]

1. d4 Nf6 2. c4 g6 3. Nc3 Bg7 4. e4 d6 5. h3 O-O 6. Be2 e5 7. d5 a5 8. Bg5 Na6
9. Nf3 Nc5 10. Qc2 h6 11. Be3 b6 12. O-O Nh5 13. Bxc5 bxc5 14. a3 Nf4 15. b4
axb4 16. axb4 Rxa1 17. Rxa1 cxb4 18. Nb5 f5 19. Ra8 b3 20. Qb2 fxe4 21. Ne1 Qg5
22. Kh2 Nxh3 23. Qxb3 Nxf2 24. Qg3 Ng4+ 25. Bxg4 Qxg4 26. Qxg4 Bxg4 27. Rxf8+
Bxf8 28. Nc2 Be7 29. Ne3 Bd7 30. Kg3 Bd8 31. Kf2 {illegivel} 0-1

[Event "VIII Floripa Chess Open 2022 - LIRA - m"]
[Site "Lira Tênis Clube - Florianó"]
[Date "2022.01.26"]
[Round "4.178"]
[White "Carmo, Jose Arlindo"]
[Black "Da Costa, Evelyn Maria Fuck"]
[Result "1-0"]
[WhiteElo "1626"]
[BlackElo "1227"]
[PlyCount "69"]
[EventDate "2022.01.24"]
[EventRounds "10"]
[EventCountry "BRA"]

1. e4 e5 2. Nf3 Nc6 3. Bc4 Nf6 4. d3 h6 5. c3 Bc5 6. b4 Bb6 7. b5 Ne7 8. Nxe5
d5 9. exd5 Nexd5 10. O-O O-O 11. d4 Be6 12. Bb2 Nxc3 13. Bxc3 Nd5 14. Bb2 Qg5
15. Nf3 Qg6 16. Ne5 Qg5 17. Qf3 Rad8 18. Na3 Nf4 19. Rad1 Bh3 20. Nxf7 Rxf7 21.
Bxf7+ Kxf7 22. g3 Bxf1 23. Kxf1 Kg8 24. Qxf4 Qd5 25. Kg1 Qxa2 26. Qc1 c5 27.
Qc4+ Qxc4 28. Nxc4 cxd4 29. Nxb6 axb6 30. Rxd4 Re8 31. Rd7 Re1+ 32. Kg2 Rb1 33.
Rxg7+ Kf8 34. Bd4 Rxb5 35. Rxb7 1-0